Xác định nhu cầu lysine và methionine trong thức ăn của cá tra (Pangasianodon hypophthalmus) : Luận văn tốt nghiệp cao học. Ngành nuôi trồng thủy sản

Nội dung nghiên cứu là xác định thành phần và hàm lượng acid amin trong cơ thịt cá tra. Xác định nhu cầu Lysine trong thức ăn của cá tra, xác định nhu cầu methionine trong thức ăn của cá tra.

Đã lưu trong:
書目詳細資料
主要作者: Thái, Thị Thanh Thúy
格式: 圖書
語言:Undetermined
出版: Cần Thơ Trường Đại học Cần Thơ 2009
主題:
標簽: 添加標簽
沒有標簽, 成為第一個標記此記錄!
Thư viện lưu trữ: Trung tâm Học liệu Trường Đại học Cần Thơ
LEADER 01154nam a2200229Ia 4500
001 CTU_151867
008 210402s9999 xx 000 0 und d
082 |a 639.31 
082 |b Th523 
088 |a 606270 
100 |a Thái, Thị Thanh Thúy 
245 0 |a Xác định nhu cầu lysine và methionine trong thức ăn của cá tra (Pangasianodon hypophthalmus) : 
245 0 |b Luận văn tốt nghiệp cao học. Ngành nuôi trồng thủy sản 
245 0 |c Thái Thị Thanh Thúy; Trần Thị Thanh Hiền (cán bộ hướng dẫn) 
260 |a Cần Thơ 
260 |b Trường Đại học Cần Thơ 
260 |c 2009 
520 |a Nội dung nghiên cứu là xác định thành phần và hàm lượng acid amin trong cơ thịt cá tra. Xác định nhu cầu Lysine trong thức ăn của cá tra, xác định nhu cầu methionine trong thức ăn của cá tra. 
650 |a Aquaculture,Fish culture,Nuôi trồng thủy sản 
650 |x Catfish fisheries 
904 |i Năm 
980 |a Trung tâm Học liệu Trường Đại học Cần Thơ